| 000 | 00429nam a22001817a 4500 | ||
|---|---|---|---|
| 003 | OSt | ||
| 005 | 20251003140014.0 | ||
| 008 | 251003b |||||||| |||| 00| 0 eng d | ||
| 020 | _a9788119335732 | ||
| 082 |
_a8H3 _bSHAN |
||
| 100 | _aSharma, Anurodh | ||
| 245 | _aNile ladke ki prem khani | ||
| 260 |
_aPrayagraj _bRudraditya Prakashan |
||
| 300 | _a109p. | ||
| 546 | _aHindi | ||
| 651 | _aHindi Fiction | ||
| 942 |
_2ddc _cBK |
||
| 999 |
_c3866 _d3866 |
||